[Event "Caribbean-ch U16"]
[Site "San Salvador"]
[Date "2021.11.27"]
[Round "6"]
[White "Dubon, Mario Andres"]
[Black "Nunez Okubo, Isao"]
[Result "1/2-1/2"]
[WhiteElo "1256"]
[BlackElo "1745"]
[PlyCount "114"]
[EventDate "2021.11.27"]
[EventType "swiss"]
[EventRounds "9"]
[EventCountry "ESA"]
[SourceTitle "EXT 2023"]
[Source "ChessBase"]
[SourceDate "2022.10.05"]
[SourceVersion "1"]
[SourceVersionDate "2022.10.05"]
[SourceQuality "1"]
[WhiteTeam "El Salvador"]
[BlackTeam "Costa Rica"]
[WhiteTeamCountry "ESA"]
[BlackTeamCountry "CRI"]

1. c4 c5 2. Nc3 Nc6 3. g3 g6 4. Bg2 Bg7 5. d3 Nf6 6. e4 0-0 7. Nge2 d6 8. 0-0 e5 9. f4 Rb8 10. f5 a6 11. a4 Nd4 12. Nxd4 cxd4 13. Nd5 Nxd5 14. cxd5 b6 15. b4 Bd7 16. Bd2 Rc8 17. Rc1 Rxc1 18. Bxc1 Qe7 19. Bh3 f6 20. Rf2 Rc8 21. g4 g5 22. Bf1 h6 23. Ra2 Kf7 24. Bd2 h5 25. gxh5 Bh6 26. Be2 Kg7 27. Bg4 Kh7 28. Qb3 Qe8 29. Kf1 Rc7 30. Ke1 Bf8 31. h3 Kh6 32. h4 Be7 33. hxg5+ fxg5 34. Qd1 Bf6 35. Kf2 Qc8 36. Kg3 Be8 37. Kf2 Bf7 38. Kg3 Qe8 39. Qh1 Bg8 40. Qd1 Bf7 41. Qh1 Re7 42. Bf3 Kh7 43. Ra3 Rc7 44. Ra2 g4 45. Bd1 Qd8 46. Rc2 Rxc2 47. Bxc2 Bg5 48. Bxg5 Qxg5 49. Qf1 Qe3+ 50. Kxg4 Kh6 51. Bd1 Be8 52. Kh4 Qg5+ 53. Kh3 Bxh5 54. Bxh5 Qxh5+ 55. Kg3 Qg5+ 56. Kh3 Qh5+ 57. Kg3 Qg5+ 1/2-1/2

[Event "Caribbean-ch U16"]
[Site "San Salvador"]
[Date "2021.11.27"]
[Round "4"]
[White "Rodriguez, Yanci Andrea"]
[Black "Nunez Okubo, Isao"]
[Result "0-1"]
[WhiteElo "1254"]
[BlackElo "1745"]
[PlyCount "48"]
[EventDate "2021.11.27"]
[EventType "swiss"]
[EventRounds "9"]
[EventCountry "ESA"]
[SourceTitle "EXT 2023"]
[Source "ChessBase"]
[SourceDate "2022.10.05"]
[SourceVersion "1"]
[SourceVersionDate "2022.10.05"]
[SourceQuality "1"]
[WhiteTeam "El Salvador"]
[BlackTeam "Costa Rica"]
[WhiteTeamCountry "ESA"]
[BlackTeamCountry "CRI"]

1. d4 Nf6 2. e3 c5 3. Bd3 g6 4. Nf3 Bg7 5. b3 0-0 6. Bb2 Nc6 7. a3 d6 8. Nbd2 cxd4 9. exd4 e5 10. 0-0 Re8 11. Re1 Bg4 12. c3 Bxf3 13. Qxf3 d5 14. Qh3 Nh5 15. dxe5 Nxe5 16. Bf1 f5 17. Rad1 Qb6 18. Kh1 Ng4 19. Qf3 Nxf2+ 20. Kg1 Nxd1+ 21. Kh1 Rxe1 22. h3 Nf2+ 23. Kh2 Be5+ 24. g3 Bxg3+ 0-1

[Event "World Cup U16 Prel"]
[Site "Tornelo INT"]
[Date "2021.08.16"]
[Round "7"]
[White "Nunez Okubo, Isao"]
[Black "Bazyrtsyrenov, Kirill"]
[Result "1/2-1/2"]
[WhiteElo "1745"]
[BlackElo "2191"]
[PlyCount "69"]
[EventDate "2021.08.16"]
[EventType "swiss (rapid)"]
[EventRounds "10"]
[EventCountry "NET"]
[SourceTitle "EXT 2025"]
[Source "ChessBase"]
[SourceDate "2024.10.14"]
[SourceVersion "1"]
[SourceVersionDate "2024.10.14"]
[SourceQuality "1"]

1. e4 c5 2. Nf3 Nc6 3. Bb5 d6 4. 0-0 Bd7 5. c3 Nf6 6. Re1 a6 7. Bxc6 Bxc6 8. d3 e6 9. Bg5 Be7 10. Na3 0-0 11. Rc1 h6 12. Bxf6 Bxf6 13. d4 d5 14. e5 Be7 15. Nc2 b5 16. dxc5 Bxc5 17. Ncd4 Rc8 18. Nxc6 Rxc6 19. Nd4 Rc8 20. Qd2 Qb6 21. Rcd1 b4 22. Re3 bxc3 23. bxc3 Bxd4 24. cxd4 Rc4 25. Rg3 Kh7 26. Rb3 Qc6 27. Rdb1 Rc8 28. h3 Rc1+ 29. Kh2 Rxb1 30. Qd3+ g6 31. Rxb1 Qc2 32. Qxa6 Qxb1 33. Qxc8 Qxa2 34. Qf8 Qa7 35. h4 1/2-1/2

[Event "World Cup U16 Prel"]
[Site "Tornelo INT"]
[Date "2021.08.16"]
[Round "10"]
[White "Nunez Okubo, Isao"]
[Black "Laohawirapap, Prin"]
[Result "0-1"]
[WhiteElo "1745"]
[BlackElo "2125"]
[PlyCount "94"]
[EventDate "2021.08.16"]
[EventType "swiss (rapid)"]
[EventRounds "10"]
[EventCountry "NET"]
[SourceTitle "EXT 2025"]
[Source "ChessBase"]
[SourceDate "2024.10.14"]
[SourceVersion "1"]
[SourceVersionDate "2024.10.14"]
[SourceQuality "1"]

1. e4 c6 2. d4 d5 3. e5 Bf5 4. h4 h5 5. Bd3 Bxd3 6. Qxd3 e6 7. Nf3 Qa5+ 8. Bd2 Qa6 9. Qxa6 Nxa6 10. 0-0 Ne7 11. Bg5 c5 12. c3 Nf5 13. Nbd2 Rc8 14. Rac1 Be7 15. Bxe7 Kxe7 16. Nb3 Rc7 17. dxc5 Nxc5 18. Nxc5 Rxc5 19. Rcd1 Rhc8 20. g3 Rc4 21. Rd2 Re4 22. Rfd1 Nh6 23. Rd4 Ng4 24. Rxe4 dxe4 25. Ng5 Rc4 26. Rd4 Nxe5 27. Nxe4 Rxd4 28. cxd4 Nf3+ 29. Kf1 Nxd4 30. Ke1 b6 31. Kd2 e5 32. Nc3 Ke6 33. Ke3 f6 34. b3 Nf5+ 35. Kd3 Nd6 36. Nd1 g5 37. Ne3 Nf5 38. Nxf5 Kxf5 39. Kc4 gxh4 40. gxh4 Ke4 41. Kb5 Kf3 42. Ka6 Kxf2 43. Kxa7 e4 44. Kxb6 e3 45. a4 e2 46. a5 e1Q 47. a6 Qb4+ 0-1

[Event "World Cup U16 Prel"]
[Site "Tornelo INT"]
[Date "2021.08.16"]
[Round "2"]
[White "Theocharous, Vassilis"]
[Black "Nunez Okubo, Isao"]
[Result "0-1"]
[WhiteElo "1356"]
[BlackElo "1745"]
[PlyCount "114"]
[EventDate "2021.08.16"]
[EventType "swiss (rapid)"]
[EventRounds "10"]
[EventCountry "NET"]
[SourceTitle "EXT 2025"]
[Source "ChessBase"]
[SourceDate "2024.10.14"]
[SourceVersion "1"]
[SourceVersionDate "2024.10.14"]
[SourceQuality "1"]

1. Nf3 c5 2. g3 Nc6 3. Bg2 g6 4. d3 Bg7 5. e4 d6 6. Nc3 e6 7. 0-0 Nge7 8. Ne1 0-0 9. f4 Rb8 10. a3 Nd4 11. Nf3 Nec6 12. Ne2 b5 13. c3 Nxe2+ 14. Qxe2 Na5 15. Qd1 d5 16. e5 c4 17. Nd4 Bd7 18. b4 cxb3 19. Nxb3 Nxb3 20. Qxb3 Qb6+ 21. d4 Rfc8 22. Bd2 Qc6 23. Rfb1 a5 24. Bf1 a4 25. Qc2 Bf8 26. Ra2 Be7 27. Bd3 Bd8 28. Rab2 Qa6 29. Qd1 Be7 30. Ra2 Qc6 31. Qe2 Qb7 32. Rba1 Rc7 33. Rc2 Rbc8 34. Rb2 Qa6 35. Bxb5 Bxb5 36. Qxb5 Qa7 37. Qd3 Rb7 38. Rxb7 Qxb7 39. Qb1 Rb8 40. Qxb7 Rxb7 41. Bc1 Rb3 42. Bd2 Rxa3 43. Rxa3 Bxa3 44. Kf2 Bb2 45. Ke3 a3 46. c4 a2 47. cxd5 a1Q 48. dxe6 Bxd4+ 49. Kd3 fxe6 50. Bb4 Qb2 51. Bd6 Bg1 52. Kc4 Bxh2 53. Kc5 Qc2+ 54. Kb6 Kf7 55. Bc5 Ke8 56. Kc6 Qa4+ 57. Kd6 Qd7# 0-1

[Event "Pan American-ch U12"]
[Site "San Jose"]
[Date "2017.07.02"]
[Round "3"]
[White "Nunez Okubo, Isao"]
[Black "Ballesteros Cardenas, Leonardo"]
[Result "1-0"]
[WhiteElo "1372"]
[BlackElo "1595"]
[PlyCount "89"]
[EventDate "2017.07.01"]
[EventType "swiss"]
[EventRounds "9"]
[EventCountry "CRI"]
[SourceTitle "EXT 2022"]
[Source "ChessBase"]
[SourceDate "2021.10.06"]
[SourceVersion "1"]
[SourceVersionDate "2021.10.06"]
[SourceQuality "1"]

1. e4 c5 2. Nc3 e6 3. f4 d5 4. e5 Nc6 5. Nf3 Nge7 6. Be2 d4 7. Ne4 Nd5 8. d3 Be7 9. 0-0 h6 10. Qe1 Bd7 11. a3 Qc7 12. Qf2 0-0-0 13. c4 Nb6 14. Bd2 a5 15. Rfb1 a4 16. b4 axb3 17. Rxb3 Na8 18. Qe1 Be8 19. a4 Kd7 20. a5 Rb8 21. Rb5 Na7 22. Rb3 Nc6 23. Qb1 Kc8 24. Qa2 Kd7 25. Rab1 f6 26. exf6 gxf6 27. Qa3 Na7 28. Qb2 Kc8 29. Be1 Bc6 30. Bg3 Bxe4 31. dxe4 Rd8 32. Bd3 Rg8 33. e5 f5 34. Bh4 Bxh4 35. Nxh4 Nc6 36. Ra3 Nb4 37. Qd2 Qe7 38. Qf2 Nc7 39. Nf3 Nca6 40. Ne1 Kc7 41. Qf3 Rg4 42. Rab3 Rbg8 43. Bf1 R8g7 44. Nd3 Kc8 45. Nf2 1-0

[Event "Pan American-ch U12"]
[Site "San Jose"]
[Date "2017.07.02"]
[Round "2"]
[White "Velasquez Cristancho, Juan Pablo"]
[Black "Nunez Okubo, Isao"]
[Result "1/2-1/2"]
[WhiteElo "1701"]
[BlackElo "1372"]
[PlyCount "45"]
[EventDate "2017.07.01"]
[EventType "swiss"]
[EventRounds "9"]
[EventCountry "CRI"]
[SourceTitle "EXT 2022"]
[Source "ChessBase"]
[SourceDate "2021.10.06"]
[SourceVersion "1"]
[SourceVersionDate "2021.10.06"]
[SourceQuality "1"]

1. e4 c5 2. Nf3 Nc6 3. d4 cxd4 4. Nxd4 g6 5. Nc3 Bg7 6. Be3 Nf6 7. Bc4 0-0 8. 0-0 d6 9. h3 Bd7 10. Bb3 Nxd4 11. Bxd4 b5 12. Re1 a6 13. a3 Rb8 14. Nd5 Nxd5 15. Bxd5 Bxd4 16. Qxd4 Qb6 17. Rad1 Qxd4 18. Rxd4 Rfc8 19. c3 Be6 20. e5 Bxd5 21. Rxd5 Rc5 22. Rdd1 dxe5 23. Re2 1/2-1/2